Central Library and Information Centre
Sibsagar Girls' College, Sivasagar : Assam

OLYMPIC KHELOR KATHA (Record no. 5836)

MARC details
000 -LEADER
fixed length control field 00335cam a2200145ua 4500
008 - FIXED-LENGTH DATA ELEMENTS--GENERAL INFORMATION
fixed length control field 190424n II |||gr||||Z||||||asm
040 ## - CATALOGING SOURCE
Original cataloging agency MAIN
041 ## - LANGUAGE CODE
-- English
082 ## - DEWEY DECIMAL CLASSIFICATION NUMBER
Classification number 796 BOR
100 ## - MAIN ENTRY--PERSONAL NAME
Personal name BORA , RAMESH CHANDRA.
245 ## - TITLE STATEMENT
Title OLYMPIC KHELOR KATHA
942 ## - ADDED ENTRY ELEMENTS (KOHA)
Koha item type Books
653 ## - INDEX TERM--UNCONTROLLED
Uncontrolled term Athletic & outdoor sports & games
Holdings
Withdrawn status Lost status Damaged status Not for loan Collection code Home library Current library Shelving location Date acquired Full call number Barcode Date last seen Copy number Price effective from Koha item type
        General Reference Central Library and Information Centre Sibsagar Girls College Central Library and Information Centre Sibsagar Girls College Sports Journalism Library sc 02.05.1979 796 BOR 05268 27.02.2020 1 27.02.2020 Books


Sibsagar Girl's College © 2020. All rights reserved.
Powered by Koha.
Maintained by Abhijit Borpuzari.